| 000 | 01425cam a22003253a 4500 | ||
|---|---|---|---|
| 001 | 13486706 | ||
| 003 | OSt | ||
| 005 | 20140310182244.0 | ||
| 008 | 040210s2003 nyu j 000 1 eng d | ||
| 010 | _a 2004269393 | ||
| 020 | _a9780545010344 | ||
| 035 | _a(OCoLC)ocm52376086 | ||
| 040 |
_aEOW _cEOW _dOCLCQ _dDLC |
||
| 050 | 0 | 0 |
_a PZ 7 _b.L335 2003 |
| 082 |
_aFIC _bL33 2003 |
||
| 100 | 1 |
_aLasky, Kathryn. _96040 |
|
| 245 | 1 | 4 |
_aThe capture / _cby Kathryn Lasky. |
| 260 |
_aNew York : _bScholastic, _cc2003. |
||
| 300 |
_a226 p. ; _c20 cm. |
||
| 440 | 0 |
_aGuardians of Ga'Hoole ; _vbk. 1 _919331 |
|
| 650 | 0 |
_aOwls _vJuvenile fiction. _919332 |
|
| 650 | 0 |
_aGylfie (Fictitious character) _vJuvenile fiction. _919333 |
|
| 650 | 0 |
_aTyto (Imaginary place) _vJuvenile fiction. _919334 |
|
| 651 | 0 |
_aSoren (Fictitious character) _vJuvenile fiction. _919335 |
|
| 856 | 4 | 2 |
_3Publisher description _uhttp://www.loc.gov/catdir/description/schol051/2004269393.html |
| 906 |
_a7 _bcbc _ccopycat _d3 _encip _f20 _gy-gencatlg |
||
| 942 |
_2lcc _cBK-FIC _kFIC |
||
| 999 |
_c11214 _d11214 |
||